| 000 | 00410nam a2200157 i 4500 | ||
|---|---|---|---|
| 001 | 49864 | ||
| 003 | ES-MaACL | ||
| 005 | 20230906162057.0 | ||
| 007 | t| | ||
| 008 | 030724s1913 xxk ||||1| eng d | ||
| 100 | 1 |
_aCraigie. W.A. _941429 |
|
| 245 | 1 | 4 |
_aThe Icelandic sagas / _cW.A. Craigie. |
| 260 |
_aCambridge : _bUniversity Press, _c1913. |
||
| 300 |
_aVII, 120 p. ; _c16 cm. |
||
| 852 |
_aES-MaACL _jD-3277 |
||
| 999 |
_c49864 _d49864 |
||